Histoire du drapeau de Monaco - Statistiques

Statistiques générales
  • Ce quiz a été pris 60 fois
    10 depuis la dernière actualisation
  • Le résultat moyen est 10 sur 18
Statistiques - réponses
Hint Réponse % Correct
Deuxième drapeau du royaume d'Italie (1942-1943)
80%
Occupation allemande pendant la seconde guerre mondiale (1943-1945)
80%
Empire romain (-161 - 476)
80%
Première république française (1793-1804) et premier empire (1804-1814)
80%
Troisième drapeau de Monaco (1881-1942 et drapeau actuel depuis 1945)
80%
Deuxième drapeau de Monaco (1814-1881)
60%
Deuxième drapeau du royaume de France (1498-1525)
60%
Empire espagnol (1525-1641)
60%
Saint-empire romain germanique (1034-1215)
60%
Premier drapeau du royaume de France (987-1034)
50%
Francie médiane (843-987)
50%
Royaume des francs (476-800) et empire Carolingien (800-843)
40%
Premier drapeau de Monaco (1419-1428 et 1688-1793)
40%
Couronne d'Aragon (1353-1419)
40%
Troisième drapeau du royaume de France (1641-1688)
40%
République ambroisienne (1447-1450)
30%
République de Gênes (1339-1353)
30%
Duché de Milan (1428-1447 et 1450-1498)
20%
Aucun quiz correspondant
Distribution des résultats
% des personnes avec chaque résultat
Percentile par nombre de réponses
Votre historique - résultats
Vous n’avez pas pris ce quiz depuis la dernière actualisation